Sledování cash flow v současných čs. podmínkách.

Význam sledovania peňažného toku (cash flow) v zahraničí a budúci význam jeho sledovania v ČSFR. Sledovanie finančného toku ako nástroj proti možnému zbankrotovaniu podniku, ktorý vykazuje zisk. Opis spôsobu výpočtu peňažného toku z používanej súvahy v tvare výkazu Úč 2A-02.

Enregistré dans:
Détails bibliographiques
Auteur principal: Svoboda, P.
Autres auteurs: Moravec, A.
Format: Chapitre de livre
Langue:tchèque
Sujets:
Tags: Ajouter un tag
Pas de tags, Soyez le premier à ajouter un tag!

MARC

LEADER 00000naa a2200000 4500
001 r010085
005 20220831085436.0
041 0 |a cze 
044 |a [CS] 
245 1 0 |a Sledování cash flow v současných čs. podmínkách.  |c P. Svoboda, A. Moravec 
520 |a Význam sledovania peňažného toku (cash flow) v zahraničí a budúci význam jeho sledovania v ČSFR. Sledovanie finančného toku ako nástroj proti možnému zbankrotovaniu podniku, ktorý vykazuje zisk. Opis spôsobu výpočtu peňažného toku z používanej súvahy v tvare výkazu Úč 2A-02. 
610 2 0 |a pohyb kapitálu 
610 2 0 |a peniaze 
610 2 0 |a financie 
610 2 0 |a zisk podnikový 
610 2 0 |a súvaha 
610 2 0 |a výkazy účtovné 
610 2 0 |a cash flow 
610 2 0 |a ČSFR 
100 1 |a Svoboda, P. 
700 1 |a Moravec, A.